000 01862nam a22003857a 4500
003 dpl
005 20080911114410.0
008 080911t xxu||||| |||| 00| 0 eng d
010 _aDVD-000758-760
024 _2EDVDD-2234
_c299.00
035 _aDVD-000758-760
040 _aDPL
_cDPL
082 _aDVD / DUMB
245 _aDumb And Dumberer :
_cNew Line Cinema Presents
_h[videorecording] (DVD) /
_bWhen Harry Met Lloyd
260 _bNew Line Cinema Presents/ Home Entertainment Presents
_aDelhi
300 _a1 videodiscs (86 min.):
_bsd., col.;
_c4 3/4 in.
_fDVD
440 _aEagle Home Entertainment Presents
500 _aDVD is copy protectaed
500 _aDumb at First Sight
500 _a"A Slap-Happy Time"
538 _aDolby Digital 5.1-English Subtitles- English, Hindi
538 _aAspect Ratio:2.35.1, Presentation Type: Wide Screen, Presentation Size 16x9, Formation: DVD 9- Dual Layer Single sided Disc,
650 _2Motion Picture
700 _aMiller, Troy
700 _aRichardson, Derick
700 _aOteri, Cheri
700 _aGuzman, Eleden
700 _aLee Sccott, William
700 _aRogers, Mimi
942 _2ddc
_cCF
_hDVD
_mDUMB
999 _c16003
_d16003